|
|
|
|
| LEADER |
00000nam0a2200000 4500 |
| 001 |
139177 |
| 005 |
20231031141648.0 |
| 029 |
1 |
0 |
|a RU
|b 45-75
|c МИ
|
| 035 |
|
|
|a (RuTPU)RU\TPU\book\150784
|
| 035 |
|
|
|a RU\TPU\book\150783
|
| 090 |
|
|
|a 139177
|
| 100 |
|
|
|a 20080603d1976 k a0rusy50 ca
|
| 101 |
0 |
|
|a rus
|
| 102 |
|
|
|a RU
|
| 105 |
|
|
|a a l 000zy
|
| 122 |
2 |
|
|a d2007121020
|a d2007121020
|
| 200 |
1 |
|
|a Методика поверки прибора УК-10П. МИ 45-75
|f Хабаровский филиал Всесоюзного научно-исследовательского института физико-технических и радиотехнических измерений (ХФ ВНИИФТРИ)
|
| 205 |
|
|
|a Изд. офиц.
|
| 210 |
|
|
|a Москва
|c Изд-во стандартов
|d 1976
|
| 215 |
|
|
|a 12 с.
|c ил.
|
| 229 |
|
|
|a Утверждена Научно-техническим Советом Хабаровского филиала ВНИИФТРИ 18 марта 1974 г.
|
| 610 |
1 |
|
|a МИ
|
| 610 |
1 |
|
|a методика
|
| 610 |
1 |
|
|a эталоны
|
| 610 |
1 |
|
|a поверки
|
| 610 |
1 |
|
|a подготовка
|
| 610 |
1 |
|
|a проведение
|
| 610 |
1 |
|
|a бетон
|
| 610 |
1 |
|
|a средства
|
| 610 |
1 |
|
|a условия
|
| 610 |
1 |
|
|a схемы
|
| 610 |
1 |
|
|a ультразвуковые приборы
|
| 675 |
|
|
|a 620.1(083)
|v 3
|
| 712 |
0 |
2 |
|a Хабаровский филиал Всесоюзного научно-исследовательского института физико-технических и радиотехнических измерений (ХФ ВНИИФТРИ)
|2 stltpush
|3 (RuTPU)RU\TPU\col\12898
|
| 801 |
|
1 |
|a RU
|b 63413507
|c 20080530
|g PSBO
|
| 801 |
|
2 |
|a RU
|b 63413507
|c 20221207
|g PSBO
|
| 942 |
|
|
|c BK
|